<?xml version="1.0" encoding="UTF-8"?>
<marc:record xmlns:marc="http://www.loc.gov/MARC21/slim">
   <marc:leader>00000nam a2200000 a 4500</marc:leader>
   <marc:datafield ind1="1" ind2=" " tag="100">
      <marc:subfield code="a">Bokern, Anneke</marc:subfield>
      <marc:subfield code="4">aut</marc:subfield>
      <marc:subfield code="e">Verfasser/-in</marc:subfield>
   </marc:datafield>
   <marc:datafield ind1=" " ind2=" " tag="653">
      <marc:subfield code="a">Reiseführer Amsterdam</marc:subfield>
   </marc:datafield>
   <marc:datafield ind1=" " ind2=" " tag="653">
      <marc:subfield code="a">Rijksmuseum</marc:subfield>
   </marc:datafield>
   <marc:datafield ind1=" " ind2=" " tag="653">
      <marc:subfield code="a">Van Gogh Museum</marc:subfield>
   </marc:datafield>
   <marc:datafield ind1=" " ind2=" " tag="653">
      <marc:subfield code="a">Grachten</marc:subfield>
   </marc:datafield>
   <marc:datafield ind1=" " ind2=" " tag="653">
      <marc:subfield code="a">Nieuwmarkt</marc:subfield>
   </marc:datafield>
   <marc:datafield ind1=" " ind2=" " tag="653">
      <marc:subfield code="a">Begijnhof</marc:subfield>
   </marc:datafield>
   <marc:datafield ind1=" " ind2=" " tag="653">
      <marc:subfield code="a">Westertoren</marc:subfield>
   </marc:datafield>
   <marc:datafield ind1=" " ind2=" " tag="653">
      <marc:subfield code="a">Vondelpark</marc:subfield>
   </marc:datafield>
   <marc:datafield ind1=" " ind2=" " tag="653">
      <marc:subfield code="a">Oude Kerk</marc:subfield>
   </marc:datafield>
   <marc:datafield ind1=" " ind2=" " tag="653">
      <marc:subfield code="a">Anne Frank Huis</marc:subfield>
   </marc:datafield>
   <marc:datafield ind1=" " ind2=" " tag="653">
      <marc:subfield code="a">Keukenhof</marc:subfield>
   </marc:datafield>
   <marc:datafield ind1=" " ind2=" " tag="653">
      <marc:subfield code="a">Rembrandthuis</marc:subfield>
   </marc:datafield>
   <marc:datafield ind1=" " ind2=" " tag="653">
      <marc:subfield code="a">Amsterdam</marc:subfield>
   </marc:datafield>
   <marc:datafield ind1=" " ind2=" " tag="653">
      <marc:subfield code="a">Amsterdam Reiseführer</marc:subfield>
   </marc:datafield>
   <marc:datafield ind1=" " ind2=" " tag="653">
      <marc:subfield code="a">Amsterdam Reiseführer 2023</marc:subfield>
   </marc:datafield>
   <marc:datafield ind1=" " ind2=" " tag="653">
      <marc:subfield code="a">Reiseführer Amsterdam 2023</marc:subfield>
   </marc:datafield>
   <marc:datafield ind1=" " ind2=" " tag="653">
      <marc:subfield code="a">Reiseführer Amsterdam Kinder</marc:subfield>
   </marc:datafield>
   <marc:datafield ind1=" " ind2=" " tag="653">
      <marc:subfield code="a">Reiseführer Amsterdam mit Stadtplan</marc:subfield>
   </marc:datafield>
   <marc:datafield ind1=" " ind2=" " tag="653">
      <marc:subfield code="a">Softcover / Reisen/Reiseführer/Europa</marc:subfield>
   </marc:datafield>
   <marc:datafield ind1="0" ind2="0" tag="245">
      <marc:subfield code="a">Amsterdam</marc:subfield>
   </marc:datafield>
   <marc:datafield ind1="0" ind2="0" tag="245">
      <marc:subfield code="c">Anneke Bokern</marc:subfield>
   </marc:datafield>
   <marc:datafield ind1=" " ind2="1" tag="264">
      <marc:subfield code="a">Ostfildern</marc:subfield>
      <marc:subfield code="b">MAIRDUMONT</marc:subfield>
      <marc:subfield code="c">2023</marc:subfield>
   </marc:datafield>
   <marc:datafield ind1="1" ind2=" " tag="490">
      <marc:subfield code="a">Marco Polo</marc:subfield>
   </marc:datafield>
   <marc:datafield ind1=" " ind2=" " tag="250">
      <marc:subfield code="a">20., aktualisierte Auflage</marc:subfield>
   </marc:datafield>
   <marc:datafield ind1="1" ind2=" " tag="520">
      <marc:subfield code="a">Angaben aus der Verlagsmeldung

MARCO POLO Reiseführer Amsterdam : Reisen mit Insider-Tipps. Inkl. kostenloser Touren-App / von Anneke Bokern

Unterwegs in der Stadt der Grachten mit dem MARCO POLO Reiseführer Amsterdam Du suchst größte Vielfalt auf engstem Raum? Dann komm nach Amsterdam! Die vielleicht kleinstmögliche Metropole der Welt vereint Alt und Neu, Ruhe und Action, Kleinstadtcharme und Weltbürgertum. Den Spagat schafft sie wunderbar: Zwischen den alten Grachtenhäusern, hübschen Brücken und Kanälen fühlst auch du dich sofort wohl. Und mit den Empfehlungen aus dem MARCO POLO Reiseführer steht deinem Stadturlaub oder Wochenendtrip nichts mehr im Weg!

Erkunde Amsterdam auf dem Fahrrad mit den MARCO POLO Erlebnistouren und der kostenlosen Touren-App: super Orientierung dank Online- und Offline-Karten

Typisch holländische Frikandel oder Spezialitäten aus aller Welt: Entdecke tolle Restaurants, Bars und Cafés für jeden Geschmack und jeden Geldbeutel!

Insider-Tipps von denen, die Amsterdam am besten kennen: Finde heraus, was die Einheimischen an ihrer Stadt lieben

Auf alles vorbereitet mit den MARCO POLO Best-of-Tipps für schlechtes Wetter, Urlaub mit Kindern und kleinem Budget

Mit komplett überarbeiteten Highlight-Karten, ÖPNV- und Stadtplänen

Amsterdam erleben wie die Locals mit MARCO POLO Insider-Tipps und Erlebnistouren

„Gezellig“ ist der Amsterdamer. Das zeigt sich beim Chillen im quirlig-vollen Vandelpark genauso wie am Koningsdag Ende April, wenn die ganze Stadt bei Bier und Oranjebitter-Likör eine einzige große Freiluftparty wird. Feilsche doch mal in den IJ-Hallen auf dem größten Flohmarkt Europas oder mische dich im historischen Café Hoppe unter die Einheimischen!

Dein MARCO POLO Reiseführer Amsterdam begleitet dich überall hin und gibt dir die besten Tipps – damit dein Städtetrip genau das Erlebnis wird, das du dir wünschst.

</marc:subfield>
   </marc:datafield>
   <marc:datafield ind1=" " ind2=" " tag="020">
      <marc:subfield code="a">9783829719490</marc:subfield>
      <marc:subfield code="9">9783829719490</marc:subfield>
   </marc:datafield>
   <marc:datafield ind1=" " ind2=" " tag="020">
      <marc:subfield code="a">3829719493</marc:subfield>
      <marc:subfield code="9">3829719493</marc:subfield>
   </marc:datafield>
   <marc:datafield ind1=" " ind2=" " tag="041">
      <marc:subfield code="a">ger</marc:subfield>
   </marc:datafield>
   <marc:datafield ind1=" " ind2=" " tag="300">
      <marc:subfield code="a">144 Seiten</marc:subfield>
   </marc:datafield>
</marc:record>
